[Event "USCL San Francisco vs Dallas"]
[Site "?"]
[Date "2005.09.07"]
[Round "2"]
[White "Simutowe, Amon"]
[Black "Zilberstein, Dmitry"]
[Result "1-0"]
[WhiteElo "2478"]
[BlackElo "2425"]
[PlyCount "83"]
[EventDate "2015.05.30"]
[SourceDate "2015.05.30"]

1. c4 e6 2. d4 d5 3. Nc3 c6 4. e3 Bd6 5. h3 Nf6 6. Qc2 Nbd7 7. cxd5 exd5 8. g4
h6 9. Bg2 Nb6 10. Nge2 Bd7 11. a4 a5 12. b3 Qe7 13. Qd3 Bb4 14. O-O Nh7 15. Ng3
Qh4 16. e4 Ng5 17. Bxg5 hxg5 18. exd5 cxd5 19. Rfe1+ Kf8 20. Re3 Rc8 21. Nxd5
Nxd5 22. Bxd5 Rc3 23. Qe4 Rxe3 24. Qxe3 Qxh3 25. Qxg5 Rh6 26. Rc1 Be7 27. Qe3
Qxg4 28. Bf3 Qh4 29. Rc7 Bg5 30. Qc3 Qh2+ 31. Kf1 Bh3+ 32. Ke2 Re6+ 33. Ne4 g6
34. d5 Re5 35. d6 Qf4 36. Qe3 Qh2 37. Qd4 Qg1 38. Rc8+ Bxc8 39. Qxe5 f5 40.
Qh8+ Kf7 41. Nxg5+ Qxg5 42. Qxc8 1-0

[Event "USCL San Francisco vs Dallas"]
[Site "?"]
[Date "2005.09.07"]
[Round "2"]
[White "Pruess, David"]
[Black "Vavrak, Peter"]
[Result "0-1"]
[WhiteElo "2429"]
[BlackElo "2461"]
[PlyCount "124"]
[EventDate "2015.05.30"]
[SourceDate "2015.05.30"]

1. d4 e6 2. e4 d5 3. Nc3 Bb4 4. Bd3 dxe4 5. Bxe4 Nf6 6. Bf3 O-O 7. Nge2 Nc6 8.
O-O Ne7 9. Bf4 Nf5 10. g3 c6 11. Qd3 h6 12. Rfd1 Qe7 13. a3 Bd6 14. Ne4 Bxf4
15. Nxf4 Rd8 16. c3 Nd5 17. Qd2 Bd7 18. Re1 Be8 19. Rad1 Rac8 20. Nd3 Nd6 21.
Nec5 b6 22. Na6 Nc4 23. Qe2 Qf6 24. Kg2 Nd6 25. Ne5 Nf5 26. Be4 c5 27. Ng4 Qg5
28. h4 Qg6 29. c4 Nfe3+ 30. fxe3 Qxe4+ 31. Qf3 Qc2+ 32. Qe2 Qxe2+ 33. Rxe2 Ne7
34. Ne5 f6 35. Nf3 cxd4 36. Rxd4 Rxd4 37. exd4 Rxc4 38. Nb4 Kf7 39. Nd3 Bc6 40.
Nf4 Rxd4 41. Kf2 Bxf3 42. Kxf3 e5 43. Ng2 Ke6 44. Rc2 Rd3+ 45. Kf2 Nf5 46. g4
Ne7 47. Ne3 Kd6 48. Nc4+ Kd5 49. Ne3+ Ke4 50. Rc4+ Rd4 51. Rc2 Kf4 52. b4 b5
53. Ng2+ Kxg4 54. Ke2 Nd5 55. Rc5 Kg3 56. Ne1 e4 57. Nc2 Rd3 58. h5 Nc3+ 59.
Kf1 Nd5 60. Ke2 f5 61. Ne1 Nf4+ 62. Kf1 Rd1 0-1

[Event "USCL San Francisco vs Dallas"]
[Site "?"]
[Date "2005.09.07"]
[Round "2"]
[White "Suarez, Andres"]
[Black "Lee, Andy"]
[Result "0-1"]
[WhiteElo "2106"]
[BlackElo "2270"]
[PlyCount "68"]
[EventDate "2015.05.30"]
[SourceDate "2015.05.30"]

1. d4 Nf6 2. c4 c5 3. d5 b5 4. cxb5 a6 5. bxa6 g6 6. Nc3 Bxa6 7. g3 d6 8. Nf3
Bg7 9. Bg2 Nbd7 10. O-O Nb6 11. Re1 O-O 12. e4 Nfd7 13. Qc2 Nc4 14. b3 Qa5 15.
bxc4 Qxc3 16. Qa4 Ne5 17. Be3 Bxc4 18. Qd1 Qxa1 19. Qxa1 Nxf3+ 20. Bxf3 Bxa1
21. Rxa1 Bxa2 22. Rc1 Rfb8 23. Kg2 f6 24. h4 Kg7 25. h5 g5 26. Bg4 Rb2 27. Rc3
Bb1 28. Bf5 Ra4 29. Kf3 Rbb4 30. Kg4 Bxe4 31. f4 Bxd5 32. h6+ Kxh6 33. Rc2 Kg7
34. Re2 h5+ 0-1

[Event "USCL Carolina vs Boston"]
[Site "?"]
[Date "2005.09.14"]
[Round "3"]
[White "Friedel, Josh"]
[Black "Schroer, Jonathan"]
[Result "1-0"]
[WhiteElo "2508"]
[BlackElo "2454"]
[PlyCount "63"]
[EventDate "2015.05.30"]
[SourceDate "2015.05.30"]

1. e4 e6 2. d4 d5 3. Nc3 Bb4 4. e5 Ne7 5. a3 Bxc3+ 6. bxc3 c5 7. Qg4 Qc7 8. Bd3
c4 9. Be2 Nf5 10. a4 Qa5 11. Kd2 Nd7 12. Ba3 Qxa4 13. Nf3 Qa5 14. Nh4 Nxh4 15.
Qxh4 Qd8 16. Qg3 g6 17. h4 h5 18. Rh3 Nb8 19. Qf4 Nc6 20. g4 hxg4 21. Bxg4 Bd7
22. h5 g5 23. Qf3 Rh6 24. Qe3 b5 25. Bc5 a5 26. f4 gxf4 27. Qxf4 Rh7 28. Rg1
Qc7 29. Qg5 Rh8 30. Qf6 Rg8 31. Bf5 Rxg1 32. Qh8+ 1-0

[Event "USCL Carolina vs Boston"]
[Site "?"]
[Date "2005.09.14"]
[Round "3"]
[White "Hoekstra, Matthew"]
[Black "Kelleher, William"]
[Result "1-0"]
[WhiteElo "2395"]
[BlackElo "2386"]
[PlyCount "65"]
[EventDate "2015.05.30"]
[SourceDate "2015.05.30"]

1. d4 Nf6 2. c4 c5 3. e3 cxd4 4. exd4 d5 5. Nc3 g6 6. Qb3 Bg7 7. cxd5 O-O 8.
Nge2 Qb6 9. Qxb6 axb6 10. Nf4 Na6 11. Bxa6 bxa6 12. O-O Bb7 13. b3 Rad8 14. Ba3
Rfe8 15. Rae1 g5 16. Rxe7 Rxe7 17. Bxe7 Rc8 18. Bxf6 Bxf6 19. Nfe2 Bxd4 20.
Nxd4 Rxc3 21. Rd1 Kf8 22. Nf5 Rc2 23. d6 Ke8 24. d7+ Kd8 25. Nd6 Bd5 26. f3
Kxd7 27. Rxd5 Ke6 28. Rd3 Rxa2 29. Ne4 h6 30. Rd6+ Ke5 31. Rxb6 Kf4 32. Rf6+
Ke3 33. h3 1-0

[Event "USCL Carolina vs Boston"]
[Site "?"]
[Date "2005.09.14"]
[Round "3"]
[White "Krasik, Ilya"]
[Black "Samsa, Greg"]
[Result "1/2-1/2"]
[WhiteElo "2153"]
[BlackElo "2200"]
[PlyCount "193"]
[EventDate "2015.05.30"]
[SourceDate "2015.05.30"]

1. d4 d5 2. c4 e6 3. Nc3 Be7 4. cxd5 exd5 5. Bf4 Nf6 6. e3 O-O 7. Bd3 c5 8.
dxc5 Bxc5 9. Nf3 Nc6 10. O-O Be6 11. Rc1 Be7 12. h3 Rc8 13. Bb1 Qd7 14. Ne5
Nxe5 15. Bxe5 Rfd8 16. Qf3 b5 17. Rcd1 b4 18. Ne2 Qe8 19. Bd4 Rc7 20. Nf4 Qc6
21. Qg3 Rdc8 22. Rd2 Qe8 23. Nd3 g6 24. Qe5 a5 25. g4 h6 26. f4 Kh7 27. f5 gxf5
28. Nf4 Rc1 29. Bxf5+ Bxf5 30. Qxf5+ Kg8 31. Nd3 Rxf1+ 32. Kxf1 Ne4 33. Rg2 Qc6
34. Kg1 Qe6 35. Qf1 Bf6 36. Nf4 Qc6 37. Bxf6 Nxf6 38. g5 hxg5 39. Rxg5+ Kf8 40.
Rf5 Ne4 41. Rxd5 Qb6 42. Rd4 Re8 43. Qg2 Nf6 44. Qg5 Ne4 45. Qh4 Qf6 46. Qxf6
Nxf6 47. Ng2 Rc8 48. Ne1 Rc1 49. Kf2 Ra1 50. Rf4 Rxa2 51. Nd3 Ke7 52. Rc4 Ra1
53. e4 Rd1 54. Ke2 Rb1 55. Rc7+ Kd6 56. Ra7 Nxe4 57. Rxa5 Rh1 58. Ra6+ Ke7 59.
Kf3 f5 60. Nf4 Ng5+ 61. Kg3 Rg1+ 62. Kh4 Nf3+ 63. Kh5 Rb1 64. Re6+ Kf7 65. Re2
Rf1 66. Nd5 Ng1 67. Re7+ Kf8 68. Kg6 Nxh3 69. Rb7 Nf4+ 70. Nxf4 Rxf4 71. Kf6
Ke8 72. Ke5 Rc4 73. Kxf5 Kd8 74. Ke5 Kc8 75. Kd5 Rh4 76. Rg7 Rh2 77. b3 Rc2 78.
Rg4 Kc7 79. Rxb4 Rh2 80. Kc4 Rh4+ 81. Kb5 Rxb4+ 82. Kxb4 Kb6 83. Kc4 Kc6 84. b4
Kb6 85. b5 Kb7 86. Kb4 Kb6 87. Kc4 Kb7 88. Kc5 Kc7 89. b6+ Kb7 90. Kb5 Kb8 91.
Kc5 Kb7 92. Kb5 Kb8 93. Kc6 Kc8 94. Kc5 Kb7 95. Kb5 Kb8 96. Ka5 Kb7 97. Kb5
1/2-1/2

[Event "USCL Philadelphia vs Baltimore"]
[Site "?"]
[Date "2005.09.14"]
[Round "3"]
[White "Enkhbat, Tegshsuren"]
[Black "Boor, Carl"]
[Result "1-0"]
[WhiteElo "2420"]
[BlackElo "2296"]
[PlyCount "93"]
[EventDate "2015.05.30"]
[SourceDate "2015.05.30"]

1. d4 Nf6 2. Nf3 e6 3. c4 c5 4. d5 d6 5. Nc3 exd5 6. cxd5 g6 7. e4 a6 8. a4 Bg4
9. Be2 Bxf3 10. Bxf3 Bg7 11. O-O O-O 12. Bf4 Ne8 13. Qd2 Nd7 14. Bh6 Nef6 15.
Bxg7 Kxg7 16. Rab1 Qa5 17. Be2 Rfe8 18. f3 Rab8 19. Kh1 Qb4 20. Qc2 h5 21. Na2
Qd4 22. b4 h4 23. b5 Ne5 24. Rbd1 Qe3 25. Nc3 Qh6 26. f4 Neg4 27. Qd3 Qh8 28.
Qh3 Nh6 29. Bf3 Nhg8 30. Rde1 Qh6 31. e5 Nh7 32. Bd1 Ne7 33. Bc2 Rbd8 34. exd6
Rxd6 35. Qe3 Nf6 36. Qxc5 Rd7 37. d6 Rc8 38. Qe5 Neg8 39. Be4 Re8 40. Qc5 Re6
41. Bxb7 Rxb7 42. Rxe6 fxe6 43. bxa6 Rf7 44. a7 Nh5 45. a8=Q Ng3+ 46. Kg1 Ne2+
47. Nxe2 1-0

[Event "USCL Philadelphia vs Baltimore"]
[Site "?"]
[Date "2005.09.14"]
[Round "3"]
[White "Costigan, Richard"]
[Black "Kaufman, Larry"]
[Result "0-1"]
[WhiteElo "2284"]
[BlackElo "2368"]
[PlyCount "62"]
[EventDate "2015.05.30"]
[SourceDate "2015.05.30"]

1. d4 Nf6 2. Bf4 e6 3. e3 c5 4. Nd2 cxd4 5. exd4 b6 6. Ngf3 Bb7 7. Bd3 Be7 8.
c3 O-O 9. O-O d6 10. Qe2 Nbd7 11. Rfd1 Re8 12. h3 a6 13. a4 Nf8 14. Nc4 Ng6 15.
Bg5 Nd5 16. Bxe7 Qxe7 17. g3 Rad8 18. Be4 Ndf4 19. gxf4 Bxe4 20. Qxe4 d5 21.
Qe2 dxc4 22. Qxc4 Nxf4 23. Qxa6 Nxh3+ 24. Kf1 Qf6 25. Qe2 Nf4 26. Qe4 Qh6 27.
Ke1 f5 28. Qc6 Rc8 29. Qxb6 Qh1+ 30. Kd2 Qxf3 31. Kc1 Ne2+ 0-1

[Event "USCL New York vs San Francisco"]
[Site "?"]
[Date "2005.09.14"]
[Round "3"]
[White "Stripunsky, Alex"]
[Black "McCambridge, Vince"]
[Result "1-0"]
[WhiteElo "2642"]
[BlackElo "2520"]
[PlyCount "65"]
[EventDate "2015.05.30"]
[SourceDate "2015.05.30"]

1. e4 c5 2. Nc3 Nc6 3. Bb5 Nd4 4. Bc4 e6 5. Nge2 a6 6. Nxd4 cxd4 7. Ne2 Bc5 8.
Ng3 b5 9. Bb3 Ne7 10. O-O d5 11. d3 O-O 12. Bg5 f6 13. Bd2 Kh8 14. Qe2 Ra7 15.
a4 b4 16. Rae1 a5 17. Nh5 dxe4 18. Qxe4 e5 19. Kh1 Qe8 20. Qe2 Qg6 21. Ng3 Nf5
22. Ne4 Be7 23. f4 Bb7 24. Rf3 Raa8 25. Ref1 Nd6 26. Rg3 Qe8 27. f5 Nxe4 28.
dxe4 Ba6 29. Qg4 Rf7 30. Rh3 g5 31. fxg6 Rg7 32. Rxh7+ Rxh7 33. gxh7 1-0

[Event "USCL New York vs San Francisco"]
[Site "?"]
[Date "2005.09.14"]
[Round "3"]
[White "Donaldson, John"]
[Black "Braylovsky, Gregory"]
[Result "0-1"]
[WhiteElo "2461"]
[BlackElo "2386"]
[PlyCount "72"]
[EventDate "2015.05.30"]
[SourceDate "2015.05.30"]

1. Nf3 c5 2. c4 Nc6 3. Nc3 e5 4. g3 g6 5. Bg2 Bg7 6. a3 Nge7 7. O-O d6 8. d3
O-O 9. Rb1 a5 10. Bg5 f6 11. Be3 Be6 12. Ne1 Qd7 13. Nc2 a4 14. b4 axb3 15.
Rxb3 Rfb8 16. Qb1 h5 17. Ne4 Kh7 18. Bd2 b6 19. Nc3 Bh3 20. e4 Bxg2 21. Kxg2 h4
22. h3 Bh6 23. Bxh6 Kxh6 24. Nd5 Nxd5 25. cxd5 Nd4 26. Nxd4 cxd4 27. g4 Rc8 28.
Rc1 f5 29. f3 fxe4 30. fxe4 Qe7 31. Rc6 Qg5 32. Qe1 b5 33. Kh1 Rf8 34. Rxd6 Rf3
35. Rxb5 Rxh3+ 36. Kg2 Qxg4+ 0-1

[Event "USCL New York vs San Francisco"]
[Site "?"]
[Date "2005.09.14"]
[Round "3"]
[White "Shahade, Jennifer"]
[Black "Pruess, David"]
[Result "0-1"]
[WhiteElo "2318"]
[BlackElo "2429"]
[PlyCount "96"]
[EventDate "2015.05.30"]
[SourceDate "2015.05.30"]

1. e4 c6 2. d4 d5 3. exd5 cxd5 4. c4 Nf6 5. Nc3 e6 6. Nf3 Bb4 7. cxd5 Nxd5 8.
Qc2 Nc6 9. Be2 O-O 10. O-O Be7 11. Rd1 Bf6 12. Ne4 Nce7 13. Nxf6+ Nxf6 14. Bg5
Ned5 15. Ne5 Bd7 16. Bf3 Rc8 17. Qb3 Bc6 18. Nxc6 bxc6 19. Rac1 Qa5 20. Bxf6
Rb8 21. Qa3 Qxa3 22. bxa3 Nxf6 23. Rxc6 Rfc8 24. Rxc8+ Rxc8 25. h3 Kf8 26. Rb1
Rc7 27. Rb7 Rxb7 28. Bxb7 Ne8 29. f4 Nd6 30. Bc6 Nf5 31. d5 Ne7 32. Bb7 Nxd5
33. f5 Ke7 34. fxe6 fxe6 35. Kf2 Kd6 36. Ba6 Kc5 37. Bd3 h6 38. Kf3 Kd4 39. Bg6
e5 40. Bf7 e4+ 41. Kf2 Nf4 42. Be8 Kd3 43. Bb5+ Kd2 44. Kg3 Ne2+ 45. Kg4 Nd4
46. Ba6 e3 47. Kh5 Ne6 48. Kg6 Nf4+ 0-1

[Event "USCL New York vs San Francisco"]
[Site "?"]
[Date "2005.09.14"]
[Round "3"]
[White "Pinto, Mark"]
[Black "Eisen, Lewis"]
[Result "1/2-1/2"]
[WhiteElo "2214"]
[BlackElo "2327"]
[PlyCount "100"]
[EventDate "2015.05.30"]
[SourceDate "2015.05.30"]

1. d4 d5 2. Nf3 c6 3. e3 Nf6 4. Bd3 Bg4 5. Nbd2 Nbd7 6. h3 Bxf3 7. Nxf3 Qc7 8.
Bd2 e6 9. O-O Be7 10. c4 O-O 11. Qc2 Rac8 12. Rac1 h6 13. Bc3 Qb8 14. c5 Bd8
15. b4 Bc7 16. Rfd1 e5 17. dxe5 Nxe5 18. Bxe5 Bxe5 19. Bf5 Rce8 20. Nd4 Bxd4
21. Rxd4 Re5 22. Bd3 a6 23. a4 Rfe8 24. b5 axb5 25. axb5 Ne4 26. b6 Qd8 27. Ra1
Qe7 28. Bxe4 dxe4 29. Rd6 Qg5 30. Rad1 Rxc5 31. Qa4 Ra5 32. Qd4 Ree5 33. Rd8+
Kh7 34. Qd7 Rad5 35. Qc8 Rxd1+ 36. Rxd1 Re7 37. Rd8 Qe5 38. Qa8 Qb2 39. Qa7
Qc1+ 40. Kh2 Qb2 41. Rb8 Qxf2 42. Rxb7 Rxb7 43. Qxb7 Qxe3 44. Qc7 f5 45. b7 f4
46. b8=Q Qg3+ 47. Kg1 Qe1+ 48. Kh2 Qg3+ 49. Kg1 Qe1+ 50. Kh2 Qg3+ 1/2-1/2

[Event "USCL Dallas vs Miami"]
[Site "?"]
[Date "2005.09.14"]
[Round "3"]
[White "Ramirez, Alejandro"]
[Black "Becerra, Julio"]
[Result "1/2-1/2"]
[WhiteElo "2565"]
[BlackElo "2613"]
[PlyCount "51"]
[EventDate "2015.05.30"]
[SourceDate "2015.05.30"]

1. d4 d5 2. c4 c6 3. Nf3 Nf6 4. Nc3 e6 5. Bg5 dxc4 6. e4 b5 7. a4 Bb4 8. e5 h6
9. exf6 hxg5 10. fxg7 Rg8 11. h4 g4 12. Ne5 Rxg7 13. Be2 Bb7 14. Bxg4 Nd7 15.
Bf3 Qc7 16. Qe2 a6 17. O-O Bxc3 18. bxc3 Nxe5 19. Qxe5 Qxe5 20. dxe5 O-O-O 21.
Rfd1 Rxd1+ 22. Rxd1 c5 23. Bxb7+ Kxb7 24. f3 Rh7 25. g3 b4 26. Rb1 {All four
games of this match were agreed drawn when Miami's internet went down.} 1/2-1/2

[Event "USCL Dallas vs Miami"]
[Site "?"]
[Date "2005.09.14"]
[Round "3"]
[White "Martinez, Marcel"]
[Black "Panchanathan, Magesh"]
[Result "1/2-1/2"]
[WhiteElo "2451"]
[BlackElo "2499"]
[PlyCount "46"]
[EventDate "2015.05.30"]
[SourceDate "2015.05.30"]

1. e4 e5 2. Nf3 Nc6 3. Bb5 a6 4. Ba4 Nf6 5. O-O Be7 6. Re1 b5 7. Bb3 d6 8. c3
O-O 9. d4 Bg4 10. d5 Na5 11. Bc2 c6 12. h3 Bc8 13. dxc6 Qc7 14. b4 Nc4 15. Nbd2
Qxc6 16. Nxc4 Qxc4 17. Bb2 Bb7 18. Bd3 Qc7 19. a4 d5 20. exd5 Nxd5 21. Nxe5 Bf6
22. Ng4 Bxc3 23. Rc1 a5 {All four games of this match were agreed drawn when
Miami's internet went down.} 1/2-1/2

[Event "USCL Dallas vs Miami"]
[Site "?"]
[Date "2005.09.14"]
[Round "3"]
[White "Schneider, Dmitry"]
[Black "Lugo, Blas"]
[Result "1/2-1/2"]
[WhiteElo "2509"]
[BlackElo "2409"]
[PlyCount "42"]
[EventDate "2015.05.30"]
[SourceDate "2015.05.30"]

1. e4 e5 2. Nf3 Nc6 3. Bc4 Bc5 4. b4 Bxb4 5. c3 Bd6 6. d4 Qe7 7. O-O b6 8. Re1
Bb7 9. Bg5 f6 10. Be3 O-O-O 11. Nbd2 g5 12. Rb1 Nh6 13. Bd5 Ng4 14. Nc4 h5 15.
Qa4 Kb8 16. Rb2 Rde8 17. Reb1 Nxe3 18. Nxe3 Qd8 19. Nf5 Bf8 20. Nd2 exd4 21.
cxd4 Ne7 {All four games of this match were agreed drawn when Miami's internet
went down.} 1/2-1/2

[Event "USCL Dallas vs Miami"]
[Site "?"]
[Date "2005.09.14"]
[Round "3"]
[White "Cabrera, Jose"]
[Black "Copeland, Sam"]
[Result "1/2-1/2"]
[WhiteElo "2094"]
[BlackElo "2019"]
[PlyCount "44"]
[EventDate "2015.05.30"]
[SourceDate "2015.05.30"]

1. c4 e5 2. Nc3 d6 3. g3 f5 4. d3 Nf6 5. Bg2 Be7 6. Nf3 O-O 7. O-O c6 8. Rb1 a5
9. a3 Qe8 10. e3 Qf7 11. b4 axb4 12. axb4 h6 13. c5 Be6 14. b5 Nd5 15. Bb2 Nd7
16. cxd6 Bxd6 17. bxc6 bxc6 18. Nd2 f4 19. Nde4 Bc7 20. Nxd5 cxd5 21. Nd2 Bb6
22. d4 Kh8 {All four games of this match were agreed drawn when Miami's
internet went down.} 1/2-1/2

[Event "USCL Boston vs Baltimore"]
[Site "?"]
[Date "2005.09.21"]
[Round "4"]
[White "Enkhbat, Tegshsuren"]
[Black "Friedel, Josh"]
[Result "1-0"]
[WhiteElo "2420"]
[BlackElo "2508"]
[PlyCount "59"]
[EventDate "2015.05.30"]
[SourceDate "2015.05.31"]

1. Nf3 Nc6 2. d4 d5 3. Bf4 Bg4 4. e3 e6 5. c4 Bb4+ 6. Nc3 Nf6 7. Rc1 Ne4 8. Be2
dxc4 9. h3 Bf5 10. Qa4 O-O 11. Bxc4 a6 12. Be2 b5 13. Qb3 Qe7 14. a3 Nxc3 15.
axb4 Nxe2 16. Kxe2 Be4 17. Rc5 a5 18. Ng5 e5 19. dxe5 Bxg2 20. Rg1 Nxb4 21. Qc3
h6 22. Rxg2 hxg5 23. Bxg5 Qd7 24. e6 fxe6 25. Rxc7 Nd5 26. Rxd7 Nxc3+ 27. bxc3
Rf7 28. Rxf7 Kxf7 29. Bf4 a4 30. Rg1 1-0

[Event "USCL Boston vs Baltimore"]
[Site "?"]
[Date "2005.09.21"]
[Round "4"]
[White "Riordan, Charles"]
[Black "Kaufman, Larry"]
[Result "1/2-1/2"]
[WhiteElo "2283"]
[BlackElo "2368"]
[PlyCount "72"]
[EventDate "2015.05.30"]
[SourceDate "2015.05.31"]

1. Nf3 c5 2. e4 e6 3. d4 cxd4 4. Nxd4 Nf6 5. Nc3 d6 6. g3 Nc6 7. Bg2 Bd7 8. O-O
Be7 9. a4 O-O 10. Ndb5 Ne8 11. Be3 b6 12. Qe2 a6 13. Nd4 Qc7 14. Rfd1 Bf6 15.
Nxc6 Bxc6 16. Ra3 Qb7 17. Rb3 Bxc3 18. Rxb6 Qc7 19. Qc4 Rc8 20. Qxc3 Bxa4 21.
Qxc7 Rxc7 22. b3 Bd7 23. c4 Bc8 24. Rb8 Bb7 25. Bb6 Rd7 26. c5 Nf6 27. Rxf8+
Kxf8 28. e5 Bxg2 29. exf6 Bf3 30. fxg7+ Kxg7 31. Rd3 Bd5 32. cxd6 Rxd6 33. Be3
Kg6 34. h3 Rd7 35. b4 Bc6 36. Rxd7 Bxd7 1/2-1/2

[Event "USCL Boston vs Baltimore"]
[Site "?"]
[Date "2005.09.21"]
[Round "4"]
[White "Rohonyan, Katerina"]
[Black "Krasik, Ilya"]
[Result "1-0"]
[WhiteElo "2175"]
[BlackElo "2153"]
[PlyCount "55"]
[EventDate "2015.05.30"]
[SourceDate "2015.05.31"]

1. c4 c5 2. Nf3 g6 3. e3 Bg7 4. d4 Nf6 5. Nc3 O-O 6. Be2 cxd4 7. Nxd4 d5 8. O-O
Nc6 9. cxd5 Nxd5 10. Nxc6 bxc6 11. Na4 Bf5 12. Bd2 Rb8 13. Qc1 Qd6 14. Rd1 Be5
15. f4 Bg7 16. Bf3 Nb4 17. Bc3 Nd3 18. Bxg7 Nxc1 19. Rxd6 Kxg7 20. Rd2 Rb4 21.
Nc3 Nd3 22. e4 Nxb2 23. exf5 Nc4 24. Rd7 a5 25. Rxe7 Nd2 26. Bxc6 Rc8 27. f6+
Kf8 28. Rae1 1-0

[Event "USCL New York vs Philadelphia"]
[Site "?"]
[Date "2005.09.21"]
[Round "4"]
[White "Braylovsky, Gregory"]
[Black "Costigan, Richard"]
[Result "1-0"]
[WhiteElo "2386"]
[BlackElo "2284"]
[PlyCount "119"]
[EventDate "2015.05.30"]
[SourceDate "2015.05.31"]

1. e4 d5 2. exd5 Qxd5 3. Nc3 Qa5 4. Nge2 Nf6 5. g3 c6 6. Bg2 g6 7. O-O Bg7 8.
Rb1 Nd5 9. d3 O-O 10. Bd2 Qd8 11. Qc1 Re8 12. Bh6 Bh8 13. Qg5 Be6 14. Nf4 Nxf4
15. Qxf4 Qd4 16. Qxd4 Bxd4 17. Be3 Rd8 18. Rfe1 Na6 19. a4 Nb4 20. Re2 Rac8 21.
Bxd4 Rxd4 22. Ne4 Rd5 23. d4 Bf5 24. c3 Na6 25. b4 Nc7 26. Rb3 Bxe4 27. Bxe4
Rd6 28. b5 cxb5 29. axb5 Rb6 30. Bd3 Kf8 31. Re5 Ne8 32. Rc5 Nd6 33. Ra3 Ra8
34. h4 h6 35. Kg2 Ke8 36. f4 Kd7 37. h5 gxh5 38. Rxh5 Rc8 39. Rc5 Ra8 40. Kf3
Ne8 41. g4 Nc7 42. Rf5 f6 43. Rh5 a6 44. bxa6 bxa6 45. Rxh6 a5 46. g5 a4 47. g6
Rb3 48. Rxb3 axb3 49. Rh2 Ra2 50. g7 Rxh2 51. g8=Q Rh3+ 52. Ke2 Rh2+ 53. Ke3 e6
54. c4 b2 55. Qg7+ Kc8 56. Qg1 Rh3+ 57. Kd2 Rf3 58. d5 Rxf4 59. d6 Na6 60. Qb6
1-0

[Event "USCL New York vs Philadelphia"]
[Site "?"]
[Date "2005.09.21"]
[Round "4"]
[White "Pomerleano, Daniel"]
[Black "Fernandez, John"]
[Result "1-0"]
[WhiteElo "2223"]
[BlackElo "2122"]
[PlyCount "75"]
[EventDate "2015.05.30"]
[SourceDate "2015.05.31"]

1. Nf3 f5 2. d3 d6 3. e4 e5 4. Nc3 Nf6 5. exf5 Bxf5 6. d4 e4 7. Nh4 Bc8 8. Qe2
d5 9. f3 Be7 10. fxe4 dxe4 11. Nxe4 Qxd4 12. Nxf6+ Qxf6 13. Nf3 O-O 14. Qc4+
Kh8 15. Bg5 Qxb2 16. Bxe7 Qxa1+ 17. Kf2 b5 18. Qe4 Bb7 19. Qxb7 Qd4+ 20. Ke2
Qc4+ 21. Kd1 Qc6 22. Qxc6 Nxc6 23. Bxf8 Rxf8 24. Bd3 Nb4 25. Kd2 a6 26. a3 Nd5
27. Rf1 c5 28. Ng5 Rxf1 29. Bxf1 c4 30. g3 a5 31. Bg2 Nb6 32. Kc3 Na4+ 33. Kd4
Nb2 34. Nf7+ Kg8 35. Nd6 b4 36. axb4 axb4 37. Nxc4 Nd1 38. Kc5 1-0

[Event "USCL San Francisco vs Miami"]
[Site "?"]
[Date "2005.09.21"]
[Round "4"]
[White "Martinez, Marcel"]
[Black "Zilberstein, Dmitry"]
[Result "1/2-1/2"]
[WhiteElo "2451"]
[BlackElo "2425"]
[PlyCount "101"]
[EventDate "2015.05.30"]
[SourceDate "2015.05.31"]

1. e4 e5 2. Nf3 Nc6 3. Bb5 a6 4. Ba4 Nf6 5. O-O b5 6. Bb3 Bc5 7. d3 d6 8. c3 h6
9. a4 Rb8 10. Be3 O-O 11. Nbd2 Re8 12. axb5 axb5 13. h3 Bb6 14. Bxb6 Rxb6 15.
Nh4 d5 16. Ra8 dxe4 17. dxe4 Nb8 18. Ndf3 Qxd1 19. Rxd1 c5 20. Bd5 Nxd5 21.
Rxd5 Bb7 22. Rxe5 Rbe6 23. Rxe6 fxe6 24. Ra5 Bxe4 25. Ne5 Nc6 26. Nxc6 Bxc6 27.
Ng6 e5 28. h4 h5 29. f4 exf4 30. Nxf4 Re1+ 31. Kh2 Rb1 32. Ra6 Be4 33. Re6 Bf5
34. Re5 Bg4 35. Rxc5 Rxb2 36. Nd3 Rd2 37. Ne5 Be2 38. Kg1 Rc2 39. Nc6 Bc4 40.
Rf5 g6 41. Rf3 Kg7 42. Nb4 Rd2 43. Rf4 Re2 44. Rf3 Rd2 45. Re3 Kf6 46. Kh2 Bd5
47. Rg3 Be4 48. Rg5 Bf5 49. Kg3 Re2 50. Kf3 Re5 51. g3 1/2-1/2

[Event "USCL San Francisco vs Miami"]
[Site "?"]
[Date "2005.09.21"]
[Round "4"]
[White "Pruess, David"]
[Black "Diaz, Jorge"]
[Result "1-0"]
[WhiteElo "2429"]
[BlackElo "2158"]
[PlyCount "83"]
[EventDate "2015.05.30"]
[SourceDate "2015.05.31"]

1. d4 Nf6 2. Nc3 e6 3. e4 d5 4. Bg5 Be7 5. e5 Nfd7 6. Bxe7 Qxe7 7. f4 a6 8. Nf3
c5 9. Qd2 Nc6 10. g3 f6 11. exf6 Nxf6 12. O-O-O O-O 13. Bg2 b5 14. Rhe1 b4 15.
Na4 Ne4 16. Qe3 c4 17. Ne5 Bb7 18. Nxc6 Bxc6 19. Nb6 Rab8 20. Nxc4 Rfc8 21. Nd2
Ba4 22. Nb3 Bxb3 23. axb3 Nc3 24. bxc3 Qc7 25. Qxe6+ Kh8 26. c4 dxc4 27. Qxc4
Qa5 28. Bc6 Qa1+ 29. Kd2 Qc3+ 30. Qxc3 bxc3+ 31. Kxc3 Rxc6+ 32. Kb2 a5 33. d5
Rd6 34. Re6 Rdd8 35. Ra6 Rb5 36. c4 Rc5 37. Rc6 Rxc6 38. dxc6 Rxd1 39. c7 h6
40. c8=Q+ Kh7 41. Qf5+ Kg8 42. c5 1-0

[Event "USCL San Francisco vs Miami"]
[Site "?"]
[Date "2005.09.21"]
[Round "4"]
[White "Moskow, Eric"]
[Black "Yap, Nicolas"]
[Result "1/2-1/2"]
[WhiteElo "2198"]
[BlackElo "2248"]
[PlyCount "86"]
[EventDate "2015.05.30"]
[SourceDate "2015.05.31"]

1. c4 Nf6 2. Nf3 g6 3. Nc3 Bg7 4. g3 O-O 5. Bg2 d6 6. O-O e5 7. d3 Nc6 8. Bg5
h6 9. Bxf6 Bxf6 10. Rb1 a5 11. a3 Bg7 12. b4 axb4 13. axb4 f5 14. b5 Ne7 15.
Qb3 Be6 16. Nd5 Kh7 17. b6 Nxd5 18. cxd5 Bf7 19. bxc7 Qxc7 20. Qxb7 Qxb7 21.
Rxb7 Bxd5 22. Ng5+ hxg5 23. Bxd5 Rac8 24. Ra1 Rb8 25. Rd7 Rbd8 26. Raa7 Rxd7
27. Rxd7 Rf6 28. h3 g4 29. hxg4 fxg4 30. Kf1 Kh6 31. e3 Bf8 32. Ke2 Kg5 33. Rf7
Rxf7 34. Bxf7 Be7 35. Be8 Bd8 36. Bd7 Ba5 37. d4 exd4 38. exd4 Bc3 39. Ke3 Be1
40. Bc8 Bc3 41. Bd7 Be1 42. Be6 Bc3 43. Bc8 Be1 1/2-1/2

[Event "USCL Dallas vs Carolina"]
[Site "?"]
[Date "2005.09.21"]
[Round "4"]
[White "Schneider, Dmitry"]
[Black "Kaminski, Marcin"]
[Result "1/2-1/2"]
[WhiteElo "2509"]
[BlackElo "2474"]
[PlyCount "66"]
[EventDate "2015.05.30"]
[SourceDate "2015.05.31"]

1. e4 e6 2. d4 d5 3. e5 c5 4. c3 Nc6 5. Nf3 Bd7 6. Be2 Nge7 7. Na3 cxd4 8. cxd4
Nf5 9. Nc2 Nb4 10. Ne3 Rc8 11. O-O Nxe3 12. Bxe3 Be7 13. Bf4 Qb6 14. a3 Na6 15.
Qd2 Bb5 16. Bxb5+ Qxb5 17. Bg5 Bxg5 18. Nxg5 h6 19. Nh3 O-O 20. Nf4 Rc4 21. Nh5
Rfc8 22. Qf4 Qxb2 23. Qg4 g6 24. Rad1 Nc7 25. h4 Ne8 26. Rd3 Rc1 27. Rxc1 Rxc1+
28. Kh2 Qxf2 29. Rf3 Qg1+ 30. Kh3 Qh1+ 31. Kg3 Rc2 32. Nf4 Ng7 33. Rf2 Rc3+
1/2-1/2

[Event "USCL Dallas vs Carolina"]
[Site "?"]
[Date "2005.09.21"]
[Round "4"]
[White "Milman, Lev"]
[Black "Simutowe, Amon"]
[Result "1-0"]
[WhiteElo "2538"]
[BlackElo "2478"]
[PlyCount "43"]
[EventDate "2015.05.30"]
[SourceDate "2015.05.31"]

1. e4 c5 2. Nf3 e6 3. d4 cxd4 4. Nxd4 a6 5. Nc3 Qc7 6. Bd3 b5 7. O-O Bb7 8. Qe2
Ne7 9. Kh1 d6 10. Bd2 g6 11. e5 Nd5 12. f4 dxe5 13. fxe5 Nd7 14. Rae1 Nxc3 15.
Bxc3 Nc5 16. Nxb5 axb5 17. Bxb5+ Bc6 18. Qf3 Ra6 19. Ba5 Qd7 20. Bxc6 Rxc6 21.
Rd1 Bd6 22. Rxd6 1-0